Marvel Cinematic Universe Quiz - Statistics

General Stats
  • This quiz has been taken 72 times
    38 since last reset
  • The average score is 10 of 23
Answer Stats
Question Answer % Correct
Which Infinity Stone is implanted in Vision's forehead? Mind Stone
92%
What is Scott Lang's daughter called? Cassie
81%
What metal is used by the people of Wakanda? Vibranium
81%
Name the main antagonist in Thor:The Dark World? Dark Elf Malekith
69%
Where is Odin on Earth, after Dr Strange helped Thor and Loki find him? Norway
69%
On what planet is the Soul Stone located, before Thanos optains it? Vormir
69%
What name did Tony use when he encountered his father, Howard, in the army base in 1970's to retrive the tesseract? Howard Potts
62%
What is the name of the 10-year-old boy that helps Tony Stark charge up his Iron Man suit in Iron Man 3? Harley
54%
Ayesha, the leader of the Sovereign race, creates an artificial being to destroy the Guardians of the Galaxy. What does she call it? Adam
50%
In which cities are the 3 Sanctums located on Earth? New York, London, Hong Kong
50%
Who helped Tony Stark in the cave to build the Mark 1 Iron Man suit? Yinsen
50%
By what name, did Black Widow introduce herself by to Tony Stark in Iron Man 2? Natalie Rushman
46%
What year did Peter Quill get abducted by The Ravagers? 1988
38%
Where did Steve Rogers hide the flash drive in Captain America: The Winter Soldier? Vending Machine
38%
What is Carol Danvers' callsign when she used to be a pilot? Avenger
35%
Who is the leader of the Chitauri, that gives his army to Loki? The Other
31%
What name is one the shirt that Jane Foster gives to Thor, claiming it was her ex? Donald Blake
23%
Who developed the original 'Super Soldier Serum' that granted Steve Rogers his abilities? Dr Abraham Erskine
23%
Who is Mr Blue in the Incredible Hulk? Samuel Sterns
19%
Which Asian brand of car is used by Luis to escape Sunny Birch and his thugs in Ant-Man and the Wasp (Hint: the car is purple with flames on the side and bonnet) Hyundai
15%
Where does the airport fight take place in Civil War? Leipzig, Germany
12%
Who buys weapons aboard the Staten Island Ferry of Adrian Toomes? Mac Gargan
12%
From what universe to Quentin Beck claim to be from when he first meets Peter in Spider-Man:Far From Home Earth-833
4%
No matching quizzes found
Score Distribution
Percent of People with Each Score
Percentile by Number Answered
Your Score History
You have not taken this quiz since the last reset